| 000 | 00798nam a2200205 a 4500 | ||
|---|---|---|---|
| 003 | 0 | ||
| 005 | 20250609151447.0 | ||
| 008 | 021114s19uu xx 00 eng d | ||
| 050 |
_aPGS SB 349 _b.D332 1999 |
||
| 100 | _aDela Cruz, Jester Reynaldo A., III. | ||
| 245 |
_aThe effects of controlling the growth movement of the tomato plant on its fruit - bearing ability / _cJester Reynaldo A. Dela Cruz III. |
||
| 260 |
_aLas PiƱas City, Philippines : _bSouthville International School and Colleges, _c1999. |
||
| 300 |
_a32 pages : _bcolored illustrations ; _c28 cm. |
||
| 504 | _aIncludes bibliographical references. | ||
| 650 |
_aTomatoes _vFruit. |
||
| 650 |
_aTomatoes _vGrowth. |
||
| 650 | _aPlant physiology. | ||
| 650 |
_aHorticultural crops _vTraining and pruning. |
||
| 942 |
_2lcc _cPASS |
||
| 999 |
_c96155 _d96155 |
||